The principles of sales tax laws. (Record no. 76163)

MARC details
000 -LEADER
fixed length control field 00815cam a22002651 4500
001 - CONTROL NUMBER
control field sa 67006795
003 - CONTROL NUMBER IDENTIFIER
control field DLC
005 - DATE AND TIME OF LATEST TRANSACTION
control field 20260227112410.0
008 - FIXED-LENGTH DATA ELEMENTS--GENERAL INFORMATION
fixed length control field 880401s1967 ii k 000 0 eng
010 ## - LIBRARY OF CONGRESS CONTROL NUMBER
LC control number sa 67006795
035 ## - SYSTEM CONTROL NUMBER
System control number (OCoLC)17723560
040 ## - CATALOGING SOURCE
Original cataloging agency DLC
Transcribing agency IUB
Modifying agency IUB
-- DLC
042 ## - AUTHENTICATION CODE
Authentication code premarc
043 ## - GEOGRAPHIC AREA CODE
Geographic area code a-ii---
050 00 - LIBRARY OF CONGRESS CALL NUMBER
Classification number KNS3147
Item number .C43 1967
082 ## - DEWEY DECIMAL CLASSIFICATION NUMBER
Classification number 340
100 1# - MAIN ENTRY--PERSONAL NAME
Personal name Chaturvedi, K.
245 14 - TITLE STATEMENT
Title The principles of sales tax laws.
250 ## - EDITION STATEMENT
Edition statement 4th rev. ed.
260 ## - PUBLICATION, DISTRIBUTION, ETC.
Place of publication, distribution, etc. Calcutta,
Name of publisher, distributor, etc. Eastern Law House,
Date of publication, distribution, etc. 1967.
300 ## - PHYSICAL DESCRIPTION
Extent ccxxx, 1276 p.
Other physical details forms.
Dimensions 26 cm.
500 ## - GENERAL NOTE
General note The Bengal finance (sales tax) act, 1941, and the Bengal sales tax rules, 1941 being the supplement to the 4th ed. of the Principles ... 1968.
650 #0 - SUBJECT ADDED ENTRY--TOPICAL TERM
Topical term or geographic name entry element Sales tax
Geographic subdivision India.
710 1# - ADDED ENTRY--CORPORATE NAME
Corporate name or jurisdiction name as entry element India.
Form subheading Laws, etc.

No items available.

Powered by Koha